| 000 | 00000cam 2200000zi 4500 |
| 001 | 9.872482 |
| 003 | CaOODSP |
| 005 | 20260514092316 |
| 006 | m o d f |
| 007 | cr mn||||||||| |
| 008 | 190503s1989 onca ob f100 0 eng d |
| 020 | |a0662170393 |q(print) |
| 040 | |aCaOODSP|beng|erda|cCaOODSP |
| 043 | |an-cn--- |
| 086 | 1 |aST51-2/1989E-PDF|zST51-2/1989E |
| 111 | 2 |aNational Conference on Technology and Innovation |d(1988 : |cToronto, Ont.) |
| 245 | 10|aTechnology and innovation in Canada : |bthe case for national action : a report based on the national and regional conferences on technology and innovation / |cby Dr. Robert Richardson. |
| 264 | 1|a[Ottawa] : |b[Industry, Science and Technology Canada], |c[1989] |
| 300 | |a1 online ressource (x, 79 pages) : |billustrations |
| 336 | |atext|btxt|2rdacontent |
| 337 | |acomputer|bc|2rdamedia |
| 338 | |aonline resource|bcr|2rdacarrier |
| 500 | |aIssued also in French under title: La technologie et l'innovation au Canada : appel à la mobilisation générale : rapport des conférences nationale et régionales sur la technologie et l'innovation. |
| 500 | |aDigitized edition from print [produced by Innovation, Science and Economic Development Canada]. |
| 504 | |aIncludes bibliographical references. |
| 650 | 0|aTechnological innovations|zCanada|vCongresses. |
| 650 | 0|aScience and industry|zCanada|vCongresses. |
| 650 | 0|aResearch, Industrial|zCanada|vCongresses. |
| 650 | 0|aTechnology and state|zCanada|vCongresses. |
| 650 | 0|aScience and state|zCanada|vCongresses. |
| 650 | 0|aCompetition|zCanada|vCongresses. |
| 655 | 7|aConference papers and proceedings|2lcgft |
| 700 | 1 |aRichardson, Robert, |eauthor. |
| 710 | 1 |aCanada. |bIndustry, Science and Technology Canada, |eissuing body. |
| 775 | 08|tLa technologie et l'innovation au Canada : |w(CaOODSP)9.962785 |
| 856 | 40|qPDF|s9.59 MB|uhttps://publications.gc.ca/collections/collection_2019/isde-ised/ST51-2-1989-eng.pdf |